000 00592nam a2200229Ia 4500
003 OSt
005 20220928123915.0
006 a|||||r|||| 00| 0
007 ta
008 220927b |||||||| |||| 00| 0 eng d
024 _a33134
037 _cTextual
040 _aSDCL
_cSDCL
_beng
041 _2eng
_aeng
082 _aV1:19(zM)'P, P4
100 _aWalzer Michael
245 0 _aArguing about war
260 _aLondon
_bYale University Press
_c2004
300 _axv,208p
_ccm.
942 _hV1:19(zM)'P, P4
_cTEXL
_2CC
999 _c775126
_d775126